| 000 | 00636nam a2200193Ia 4500 | ||
|---|---|---|---|
| 008 | 140626s9999 xx 000 0 und d | ||
| 100 | _aDeLucia, Patricia. | ||
| 245 |
_aEffects of camera arrangement on perceptual-motor performance in minimally invasive surgery / _cPatricia DeLucia ... [et al.]. |
||
| 260 | _cc2011. | ||
| 300 | _a17 : 3, page 210 | ||
| 440 | _aJournal of Experimental Psycholgy : Applied | ||
| 521 | _aPSYCH | ||
| 650 | _aDepth perception. | ||
| 650 | _aFrame of reference. | ||
| 650 | _aMinimally invasive surgery. | ||
| 650 | _aPerceptual-motor distortion. | ||
| 650 | _aSpatial mapping. | ||
| 942 | _cSE | ||
| 999 |
_c121318 _d121318 |
||